Statistics for Mortal Kombat X Character Variations

Click here to take the quiz!

General Stats

  • This quiz has been taken 231 times
  • The average score is 37 of 78

Answer Stats

CharacterVariation% Correct
ScorpionHellfire
77%
Sub ZeroGrandmaster
75%
Kotal KahnSun God
73%
Kotal KahnBlood God
72%
Sub ZeroCryomancer
70%
RaidenThunder God
66%
Erron BlackGunslinger
63%
ErmacMaster Of Souls
63%
ScorpionNinjutsu
63%
KitanaAssassin
60%
Kotal KahnWar God
60%
Johnny CageA-List
59%
KenshiBalanced
59%
ScorpionInferno
59%
Cassie CageHollywood
58%
TakedaShirai Ryu
57%
KitanaMournful
56%
JaxWrestler
56%
Kung LaoHat Trick
55%
TakedaRonin
55%
Kung JinShaolin
55%
KenshiPossessed
54%
Johnny CageStunt Double
54%
Liu KangFlame Fist
53%
Jason VorheesSlasher
53%
JaxHeavy Weapons
52%
Sub ZeroUnbreakable
51%
D'VorahVenomous
50%
Cassie CageBrawler
49%
Kung LaoBuzz Saw
49%
Ferra & TorrLackey
49%
Erron BlackOutlaw
49%
MileenaRavenous
49%
D'VorahSwarm Queen
49%
KanoCommando
48%
MileenaPiercing
48%
KitanaRoyal Storm
48%
Jacqui BriggsShotgun
48%
Jason VorheesUnstoppable
48%
KanoCutthroat
47%
Quan ChiSummoner
47%
TakedaLasher
46%
ReptileNoxious
46%
Quan ChiSorcerer
46%
Cassie CageSpec Ops
46%
RaidenDisplacer
45%
ReptileNimble
45%
Quan ChiWarlock
44%
Kung JinAncestral
43%
Liu KangDualist
43%
ShinnokNecromancer
43%
Sonya BladeSpecial Forces
43%
Sonya BladeDemolition
42%
ShinnokBone Shaper
41%
KanoCybernetic
41%
Jacqui BriggsFull Auto
41%
Erron BlackMarksman
41%
JaxPumped Up
41%
Kung LaoTempest
41%
Johnny CageFisticuffs
40%
RaidenMaster of Storms
40%
ShinnokImposter
39%
Kung JinBojutsu
37%
ErmacMystic
37%
Jason VorheesRelentless
36%
KenshiKenjutsu
35%
Ferra & TorrRuthless
35%
ErmacSpectral
35%
Liu KangDragon's Fire
34%
MileenaEthereal
34%
D'VorahBrood Mother
33%
GoroDragon Fangs
33%
Sonya BladeCovert Ops
32%
Jacqui BriggsHigh Tech
31%
GoroTigrar Fury
31%
Ferra & TorrVicious
31%
GoroKuatan Warrior
28%
ReptileDeceptive
25%

Score Distribution

Percentile by Number Answered

Percent of People with Each Score

Your Score History

You have not taken this quiz